The politics of public health. / (Record no. 4721)

MARC details
000 -LEADER
fixed length control field 00964nam a22001457a 4500
008 - FIXED-LENGTH DATA ELEMENTS--GENERAL INFORMATION
fixed length control field 140911b xxu||||| |||| 00| 0 eng d
020 ## - INTERNATIONAL STANDARD BOOK NUMBER
International Standard Book Number 0813514215
050 ## - LIBRARY OF CONGRESS CALL NUMBER
Classification number RA418.T915
100 ## - MAIN ENTRY--PERSONAL NAME
Personal name Turshen, Meredeth
245 ## - TITLE STATEMENT
Title The politics of public health. /
Statement of responsibility, etc. Meredeth, Iurshen
260 ## - PUBLICATION, DISTRIBUTION, ETC.
Place of publication, distribution, etc. New Bruswick, New Jersey:
Name of publisher, distributor, etc. Rutgers Uuiv. Press,
Date of publication, distribution, etc. 1989.
300 ## - PHYSICAL DESCRIPTION
Extent x,319p.:
Dimensions 24cm.
505 ## - FORMATTED CONTENTS NOTE
Formatted contents note Contents: Acknowledgements -- Introduction -- Part one: New principles for public health -- A new vocabulary -- New tools for the study of ill health -- Public policy -- Equity and access -- Women's health -- Part Two: The limits to conventional public health: Containing disease -- Cleansing the environment -- Disease eradication -- Part Three: Non medical approaches in public health: Preventive medicine -- Nutrition and agribusiness -- Mental health -- AIDS in Africa -- Part Four:Unconventional wisdom -- Issues in integration -- An agenda for action.
942 ## - ADDED ENTRY ELEMENTS (KOHA)
Source of classification or shelving scheme Library of Congress Classification
Koha item type Books
Holdings
Withdrawn status Lost status Source of classification or shelving scheme Damaged status Not for loan Home library Current library Shelving location Date acquired Total Checkouts Full call number Barcode Date last seen Copy number Price effective from Koha item type
    Library of Congress Classification     WISCONSIN INTERNATIONAL UNIVERSITY COLLEGE, GHANA - MAIN LIBRARY WISCONSIN INTERNATIONAL UNIVERSITY COLLEGE, GHANA - MAIN LIBRARY Law Library 11/09/2014   RA418.T915 0190/13 11/09/2014 1 11/09/2014 Books

If you have any concerns or questions; kindly contact the library


© Powered by WIUC ICT DIRECTORATE